1721 1279 1921 1876 1962 1843 1250 1334 1868 1161 1343 1998 1855 1236 1589 1087 1295 1062 1006 1725 1660 1540 1193 1388 1200 1038 1456 1196 1567 1562 1094 1465 1015 1605 1465 1991 1898 1034 1405 1153 1972 1149 1226 1738 1778 1950 1949 1262 1942 1987 1197 1532 1507 1186 1989 1517 1530 1387 1011 1551 1424 1662 1914 1337 1792 1263 1299 1083 1362 1717 1608 1311 1900 1896 1823 1701 1946 1621 1287 1715 1281 1066 1773 1386 1418 1485 1337 1165 1494 1147 1506 1565 1211 1311 1142 1576 1003 1004 1792 BCNSPRNW ULIB Ver.6.0+V

เปลี่ยนเป็นภาษาไทย

Change to English
 แสดงรายละเอียดบรรณานุกรม
  กลับหน้าหลัก

Brief Record : Get Marc (ISO 2709) : E-mail record : QR code < ปิดหน้าต่าง
LEADER : 00000nam 2200000uu 4500
001    13399124174
003     ULIB
008    020711s2550 th a 000 0 tha d
099    วจ.LB1025^bส739ผ
100    สุกันยา นัครามนตรี
245    ผลการจัดการเรียนการสอนที่เน้นผู้เรียนเป็นสำคัญในรายวิชาการออกกำลังกายเพื่อสุขภาพ/^cสุกันยา นัครามนตรี กิตติพร เนาว์สุวรรณ
260     ^bม.ป.ท.,^c2550
700    กิตติพร เนาว์สุวรรณ
945    ^p0^l0^i020727
รายการนี้ยังไม่มีแท็ก
คุณยังไม่ได้ล็อกอิน คุณสามารถมีกิจกรรมร่วมกับเว็บไซต์ได้ แต่ต้องล็อกอินก่อน ::
  ล็อกอิน

รายการสื่อสารสนเทศ

ลำดับที่ ประเภท เลขเรียก/บาร์โค้ด สถานที่ สถานะ
1. งานวิจัย
งานวิจัย
วจ.LB1025 ส739ผ ฉ.1 
  Barcode: 020727
ห้องสมุดวิทยาเขตนครสวรรค์
►วิจัย:l:Research Room
บนชั้น

รายการใกล้เคียง
    ผู้แต่ง [สุกันยา นัครามนตรี]

BibComment


ยังไม่เคยถูกคอมเมนท์

คอมเมนท์ทรัพยากรรายการนี้
  คอมเมนท์: ผลการจัดการเรียนก..


 Copyright 2026. Bcnsprnw @Library